| 000 | 00921nas a2200289 4500 | ||
|---|---|---|---|
| 001 | BR0302886 | ||
| 003 | BR-BrBNA | ||
| 005 | 20231205103844.0 | ||
| 007 | ta | ||
| 008 | 230509b bl.|||p| |||| 00| 00por d | ||
| 040 |
_aBR-BrBNA _bpor _cBiblioteca Nacional de Agricultura |
||
| 041 | _a(Es) | ||
| 072 | _aF50 | ||
| 100 | 1 | _aCurioni, A.O. | |
| 100 | 1 | _aArizio, O.P. | |
| 100 | 1 | _aGarcia, M. | |
| 100 | 1 | _aAlfonso, W. | |
| 245 | 1 | _aCaracterísticas fenométricas en precosecha del cultivo de anís (Pimpinella anisum L.)bajo distintas condiciones agroedafoclimátcicas | |
| 650 | _aANIS | ||
| 650 | _aPLANTA MEDICINAL | ||
| 650 | _aPLANTA AROMÁTICA | ||
| 650 | _aMORFOLOGIA VEGETAL | ||
| 650 | _aFRUTIFICAÇÃO | ||
| 773 | 0 |
_tRevista Brasileira de Plantas Medicinais (Brazil) _xISSN 1516-0572 _g(Apr 2003), v. 5(2) p. 17-22 _wBR0302886 |
|
| 909 |
_a202311 _bLúcia _c55 _dLúcia Elande |
||
| 942 |
_2AGRIS _n0 _cANA |
||
| 999 |
_c175091 _d175091 |
||